000 01168nam a22003017a 4500
005 20130114142651.0
008 130114t xxu||||| |||| 00| 0 eng d
010 _aENG-106554
020 _c450.00
_a0198088507
020 _c9780198088509
_a450.00
035 _aEN-90087
037 _bDBAD / PUB
040 _adpl
_bEng
082 1 4 _a338.9
100 _aJayaraj, D.
_924626
245 1 _aPoverty, inequality, and population :
_cby D. Jayaraj [and] S. Subramanian
_bessays in development and applied measurement /
260 _aNew Delhi
_bOxford University Press
_c2012
270 _aYMCA Library Building, Jai Singh Road
_bNew Delhi
_cDelhi
_e110001
300 _axviii, 339 p. :
_c22cm (hbk)
500 _aIncludes bibliographical references
650 _aEconomic development.
_924624
650 _aEconomic development
_xSocial aspects.
_91373
650 _aPoverty.
_924628
650 _aEquality
_924629
700 _aSubramanian, S.
_924625
942 _adpl
_cEN
_2ddc
_h338.9
_mJAY
999 _c72928
_d72928